02000nam a2200205 a 4500041000800000100004200008245016000050260005300210300001100263520121800274650001901492650001801511650001601529650001501545650002801560650002801588650003401616650003801650773010601688 aspa aFernández Muñoz, María Adelaida aEstrategia financiera del Parque Municipal Natural CampoalegrebIncentivos para la reconversión de la ganadería en la cuenca alta del río Campoalegre aBogotábInstituto Alexander von Humboldtc2005 a136 p. aLa primera parte describe los antecedentes que llevaron a la creación del PMN Campoalegre; las principales características biofísicas de la zona donde está ubicado el PMN Campoalegre, sus actores y sus organizaciones en torno a los recursos naturales que allí se encuentran; y los principales planes y programas establecidos dentro del Plan de Manejo del parque con una primera propuesta para lograr establecer un flujo financiero sostenible en el largo plazo. La segunda parte presenta un análisis sobre la viabilidad económica e institucional de los instrumentos de política para la conservación y uso sostenible de la biodiversidad en el municipio de Santa Rosa; analiza la problemática entre ganadería y medio ambiente; describe la ganadería en la región cafetera, particularmente en el departamento de Risaralda; caracteriza los sistemas productivos ganaderos de Santa Rosa; hace una descripción biofísica del área de estudio y analiza los impactos de la ganadería sobre el medio ambiente local; finalmente presenta una clasificación de los principales instrumentos de política vigentes y analiza su posible utilidad para fomentar la reconversión ganadera en la zona. aConservación aBiodiversidad aGanadería aIncentivos aReconversión ganadera aCuencas hidrográficas aParques Municipales Naturales aPlanes de manejo y conservación0 05986abdBogotá Informatica documental 2007o024802tInformes de investigaciones IAVH en PDFwxz